| 000 | 00716nam a22002657a 4500 | ||
|---|---|---|---|
| 008 | 130624b xxu||||| |||| 00| 0 eng d | ||
| 020 | _a978.81-7371-580-8 | ||
| 024 | _cAvailable | ||
| 037 | _cAvailable | ||
| 040 |
_aMBSTU LIBRARY _dMBSTU LIBRARY |
||
| 082 |
_222 _a516.23 PIA |
||
| 100 | _aPirzada, S. | ||
| 110 | _aT A. Chisti. | ||
| 245 | _aAnalytical solid geometry. | ||
| 260 |
_aIndia _bUniversities Press. _c2007 |
||
| 300 |
_a24 cm. _b326 page _f5 _g24 cm. |
||
| 600 | _2Solid geometry | ||
| 650 | _2Solid geometry | ||
| 700 | _aPirzada, S. | ||
| 710 | _aT A. Chisti. | ||
| 270 |
_aIndia _bIndia _dIndia |
||
| 365 |
_b455.00 _d455.00 |
||
| 942 |
_2ddc _cBK |
||
| 999 |
_c531 _d531 |
||